Malmö FF Squad 2020 Season - Statistics

General Stats
  • This quiz has been taken 93 times
  • The average score is 13 of 27
Answer Stats
Nbr Post Nationality Answer % Correct
10 Midfielder Denmark Anders Christiansen
91%
27 GK Sweden Johan Dahlin
89%
6 Midfielder Sweden Oscar Lewicki
76%
7 Forward Sweden Isaac Kiese Thelin
71%
20 Midfielder Nigeria Bonke Innocent
69%
32 Forward Norway Jo Inge Berget
69%
- Manager Denmark Jon Dahl Tomasson
67%
2 Defender Sweden Eric Larsson
66%
24 Defender Denmark Lasse Nielsen
66%
3 Defender Denmark Jonas Knudsen
63%
5 Midfielder Denmark Sören Rieks
63%
15 Defender Bosnia and Herzegovina Anel Ahmedhodzic
61%
8 Midfielder Iceland Arnór Ingvi Traustason
61%
17 Defender Sweden Rasmus Bengtsson
59%
4 Defender Sweden Behrang Safari
56%
11 Forward Sweden Ola Toivonen
44%
14 Defender Sweden Felix Beijmo
43%
31 Defender Sweden Franz Brorsson
41%
19 Midfielder Sweden Erdal Rakip
37%
30 GK Sweden Marko Johansson
33%
23 Forward Sweden Marcus Antonsson
31%
1 GK Czech Republic Dušan Melichárek
29%
22 Midfielder Sweden Adi Nalic
24%
39 Forward Sweden Amin Sarr
20%
35 Midfielder Sweden Samuel Adrian
10%
33 Midfielder Sweden Amel Mujanic
3%
38 Defender Sweden Linus Borgström
1%
No matching quizzes found
Score Distribution
Percent of People with Each Score
Percentile by Number Answered
Your Score History
You have not taken this quiz